Personality/ (Record no. 9586)

MARC details
000 -LEADER
fixed length control field 00605nam a22002177a 4500
003 - CONTROL NUMBER IDENTIFIER
control field OSt
005 - DATE AND TIME OF LATEST TRANSACTION
control field 20260421070559.0
008 - FIXED-LENGTH DATA ELEMENTS--GENERAL INFORMATION
fixed length control field 260421b |||||||| |||| 00| 0 eng d
040 ## - CATALOGING SOURCE
Original cataloging agency DWCL Main Lib.
Transcribing agency OC
082 ## - DEWEY DECIMAL CLASSIFICATION NUMBER
Edition number 2nd ed.
Classification number 155.2 L629p 1999
100 ## - MAIN ENTRY--PERSONAL NAME
Personal name Limpingco, Delia A.
245 ## - TITLE STATEMENT
Title Personality/
Statement of responsibility, etc. Delia A. Limpingco
250 ## - EDITION STATEMENT
Edition statement 2nd ed.
260 ## - PUBLICATION, DISTRIBUTION, ETC.
Place of publication, distribution, etc. Q.C.:
Name of publisher, distributor, etc. Ken Incorporated
300 ## - PHYSICAL DESCRIPTION
Extent 142 p. ;
Dimensions 22 cm.
500 ## - GENERAL NOTE
General note Includes glossary and bibliography.
650 ## - SUBJECT ADDED ENTRY--TOPICAL TERM
Source of heading or term Personality.
700 ## - ADDED ENTRY--PERSONAL NAME
Personal name Tria, Geraldine E.
760 ## - MAIN SERIES ENTRY
Edition 2nd ed.
942 ## - ADDED ENTRY ELEMENTS (KOHA)
Source of classification or shelving scheme Dewey Decimal Classification
Koha item type Book-Filipiniana
Edition 2nd ed.
Classification part Fil.
Suppress in OPAC No
952 ## - LOCATION AND ITEM INFORMATION (KOHA)
--
Holdings
Withdrawn status Lost status Source of classification or shelving scheme Damaged status Not for loan Home library Current library Shelving location Date acquired Source of acquisition Total Checkouts Barcode Date last seen Copy number Price effective from Koha item type Uniform Resource Identifier
    Dewey Decimal Classification     College Library College Library Filipiniana 10/02/2003 School Fund   CL39289 04/21/2026 c1 04/21/2026 BK - FIL